Costumes de Mask Singer - Mort Subite #4 - Statistiques

Statistiques générales
  • Ce quiz a été pris 103 fois
  • Le résultat moyen est 10 sur 20
Answers on the Grid
Answers color-coded by a green-red scale on the quiz's grid according to % correct below.
Pharaon
Dragon
Cow-boy
Agneau
Gladiateur
Poisson-corail
Alien
Biche
Girafe
Requin
Panda
Dino
Ours
Perle
Lémurien
Koala
Hibou
Cerf
Léopard
Paon
Pigeon
Rat
Cocker
Babouin
Clown
Blaireau
Goéland
Lutin
Mygale
Tamanoir
T-rex
Mangouste
Baleine
Magicien
Ninja
Tournesol
Pastèque
Rouge-gorge
Oeuf
Dindon
 
Statistiques - réponses
Réponse % Correct
Gladiateur
64%
Girafe
62%
Paon
61%
Panda
59%
Biche
57%
Agneau
56%
Cerf
56%
Perle
56%
Pharaon
56%
Dragon
54%
Léopard
54%
Alien
52%
Requin
49%
Dino
48%
Koala
46%
Lémurien
46%
Ours
43%
Poisson-corail
43%
Hibou
39%
Cow-boy
30%
Aucun quiz correspondant
Distribution des résultats
% des personnes avec chaque résultat
Percentile par nombre de réponses
Votre historique - résultats
Vous n’avez pas pris ce quiz